| 000 | 00914nam a22002177a 4500 | ||
|---|---|---|---|
| 003 | BUBTL | ||
| 008 | 220203b ||||| |||| 00| 0 eng d | ||
| 020 | _a9789849270744 | ||
| 082 | _a954.92/ C4595b/ 2017 | ||
| 100 |
_94514 _aচৌধুরী, এস. কে. সুর |
||
| 245 |
_aবঙ্গবন্ধু ও বাংলাদেশ / _cএস. কে. সুর চৌধুরী |
||
| 250 | _a1st Edn. | ||
| 260 |
_aঢাকা: _bবাঙালি, _cc2017 |
||
| 300 |
_a160 p.: _c22 cm. |
||
| 505 | _aবঙ্গবন্ধু ও বাংলাদেশ, নির্বাচিত প্রবন্ধ, বঙ্গবন্ধু, বাংলাদেশ, এস. কে. সুর চৌধুরী | ||
| 650 | 0 |
_93573 _aবঙ্গবন্ধু |
|
| 650 | 0 |
_94372 _aBangabandhu |
|
| 856 |
_k0 _l0 _yDownload |
||
| 942 |
_2ddc _cBK |
||
| 999 |
_c6654 _d6654 |
||